| 000 | 00773nam a22002057a 4500 | ||
|---|---|---|---|
| 003 | OSt | ||
| 005 | 20250422125305.0 | ||
| 008 | 250422b |||a|||| |||| 00| 0 spa d | ||
| 022 | _220274068 | ||
| 037 | _bDonación | ||
| 040 |
_aCO-JMCR _bspa _cCO-JMCR _dCO-JMCR _erda |
||
| 041 | 0 | _aspa | |
| 082 | 0 | 4 |
_223 _a657.61 _bC75t |
| 110 | 2 |
_aContaduría General de la Nación _936534 |
|
| 245 | 1 | 0 |
_aTexto de contabilidad pública : _bAspectos conceptuales, jurídicos y contables relacionados con el pasivo pensional de las entidades contables públicas / _cContaduría General de la Nación |
| 260 |
_a[Bogotá] : _bContaduría General de la Nación, _c2011. |
||
| 300 |
_a96 páginas: _bIlustraciones, _c23 cm. |
||
| 504 | _aContiene bibliografía (página 95) | ||
| 942 |
_2ddc _cBK |
||
| 999 |
_c30976 _d17360 |
||